| 000 | 00000cas 2200000zi 4500 |
| 001 | 9.889775 |
| 003 | CaOODSP |
| 005 | 20251118125455 |
| 006 | m go d f |
| 007 | cr ||||||||||| |
| 008 | 200724c20209999oncar p o f0 a0eng|d |
| 022 | |a2563-3589 |
| 040 | |aCaOODSP|beng|erda|cCaOODSP |
| 043 | |an-cn--- |
| 086 | 1 |aEn104-20E-PDF |
| 110 | 1 |aCanada. |bImpact Assessment Agency of Canada, |eauthor, |eissuing body. |
| 222 | 0|aDepartmental results report |b(Canada. Impact Assessment Agency of Canada) |
| 245 | 10|aDepartmental results report. |
| 264 | 1|a[Ottawa] : |bImpact Assessment Agency of Canada, |c[2020]- |
| 310 | |aAnnual |
| 336 | |atext|btxt|2rdacontent |
| 337 | |acomputer|bc|2rdamedia |
| 338 | |aonline resource|bcr|2rdacarrier |
| 362 | 1 |aBegan with 2019-20. |
| 500 | |aIssued also in French under title: Rapport sur les résultats ministériels. |
| 515 | |aReport year ends March 31. |
| 588 | |aDescription based on: 2019-20. |
| 588 | |aLatest issue consulted: 2019-20. |
| 610 | 10|aCanada. |bImpact Assessment Agency of Canada |vPeriodicals. |
| 650 | 0|aExpenditures, Public|vPeriodicals. |
| 655 | 7|aPeriodicals|2lcgft |
| 775 | 08|tRapport sur les résultats ministériels.|w(CaOODSP)9.889776 |
| 780 | 00|tDepartmental results report |w(CaOODSP)9.840202 |